An introduction to group work practice /

Bibliographic Details
Main Author: Toseland, Ronald W.
Other Authors: Rivas, Robert F.
Format: Book
Language:English
Published: Boston : Pearson/Allyn and Bacon, [2005]
Edition:5th ed.
Subjects:

MARC

Tag First Indicator Second Indicator Subfields
LEADER 00000pam a2200000 a 4500
001 in00001837021
005 20151026065408.0
008 031222s2005 maua b 001 0 eng
010 |a  2003070678 
020 |a 0205376061 (alk. paper) 
035 |a (OCoLC)ocm53972044 
040 |a DLC  |c DLC  |d YDX  |d UtOrBLW 
049 |a TXAM 
050 0 0 |a HV45  |b .T68 2005 
082 0 0 |a 361.4  |2 22 
100 1 |a Toseland, Ronald W. 
245 1 3 |a An introduction to group work practice /  |c Ronald W. Toseland, Robert F. Rivas. 
250 |a 5th ed. 
264 1 |a Boston :  |b Pearson/Allyn and Bacon,  |c [2005] 
264 4 |c ©2005 
300 |a xvi, 544 pages :  |b illustrations ;  |c 24 cm. 
336 |a text  |b txt  |2 rdacontent 
337 |a unmediated  |b n  |2 rdamedia 
338 |a volume  |b nc  |2 rdacarrier 
504 |a Includes bibliographical references (pages 489-530) and indexes. 
650 0 |a Social group work. 
700 1 |a Rivas, Robert F. 
945 |i PromptCat 
948 |a cataloged  |b h  |c 2004/6/25  |d c  |e eneff  |f 8:35:11 am 
994 |a 92  |b TXA 
999 |a MARS 
999 f f |s 6ba3023c-a13f-349c-844d-2d595a665414  |i bdd51b18-fe54-32e0-b8a8-e03ead469cb9  |t 0 
952 f f |p ric  |a Texas A&M University  |b Rellis Campus  |c Joint Library Facility  |d Remote Storage  |t 0  |e HV45 .T68 2005  |h Library of Congress classification  |i unmediated -- volume  |m A14829453659 
998 f f |a HV45 .T68 2005  |t 0  |l Remote Storage